000 00710cam a22002533a 4500
001 9869
003 PGUSA
005 20140828083217.0
008 060201s2006||||xxu|||||s|||||000 1 eng d
040 _aPGUSA
_beng
042 _adc
050 4 _aPQ
100 1 _aMusset, Alfred de,
_d1810-1857
245 1 4 _aThe Confession of a Child of the Century
_h[electronic resource] /
_cAlfred de Musset
260 _bProject Gutenberg,
_c2006
506 _aPublic domain in the USA.
516 _aElectronic text
653 _aFrench fiction
653 _aHistorical fiction
700 1 _aWarren, Kendall
830 0 _aProject Gutenberg
_v9869
856 4 0 _uhttp://www.gutenberg.org/ebooks/9869
942 _cEB
999 _c239125
_d239125